00293cam a22001097a 4500008004000000082001800040100002400058245005100082250000800133260002700141300001500168180718b1972 xxu||||| |||| 00| 0 eng d aR7803x54 Si64 aSingh,Shambhu Dayal aThe law of arbitrationcBy Shambhu Dayal Singh a6th aLucknowbEasternc1972 axliv, 757p